000 00745cam a22002653a 4500
001 18916
003 PGUSA
005 20140828083412.0
008 060727s2006||||xxu|||||s|||||000 1 eng d
040 _aPGUSA
_beng
042 _adc
050 4 _aPS
100 1 _aGregory, Jackson,
_d1882-1943
245 1 0 _aDaughter of the Sun :
_bA Tale of Adventure
_h[electronic resource] /
_cJackson Gregory
260 _bProject Gutenberg,
_c2006
506 _aPublic domain in the USA.
516 _aElectronic text
653 _aAdventure stories
653 _aFantasy fiction
653 _aScience fiction
653 _aWestern stories
830 0 _aProject Gutenberg
_v18916
856 4 0 _uhttp://www.gutenberg.org/ebooks/18916
942 _cEB
999 _c248171
_d248171